000 00676cab a2200217 4500
001 ABS57516
008 090401t1997 xxu||||| |||| 00| 0 eng d
035 _a(Sirsi) u80472
041 _aeng
100 _aKitson, T.
245 _aPublic inquiries: order out of chaos
260 _c1997
350 _a0
490 _aEstates Gazette
_v(9734) 23 August 1997, 76-78(3)
520 _aConsiders the problems raised by obtaining planning permission for large infrastructure schemes and offers solutions. References.
650 _aPUBLIC ENQUIRIES
650 _aTRANSPORT AND WORKS ACT 1992
690 _aPLANNING LAW AND PRACTICE
942 _n0
948 _c27/08/1997
999 _c50668
_d50668